00285nam a2200097 a 450000500170000000800410001705000220005810000230008024500470010326000370015020140414131907.0100930s19uu xx 00 eng d aM 793.7bB27 2003 aBarry, Sheila Anne aTricks and pranks :bto fool your friends. aNew York :bScholastic ,c2003.